000 00346nam a22001457a 4500
008 250514b ||||| |||| 00| 0 eng d
020 _a9780030102745
041 _aeng
080 _2EIGHT EDITION
_a338BOO
082 _2338BOO
_a338BOO
100 _a23
101 _aBIZNES
245 _aCONTEMPORARY BUSINESS
_cLOUIS E.BOONE
942 _2udc
_cBK
999 _c60716
_d60716